000 00544nam a22001937a 4500
003 OSt
005 20220107122727.0
008 140101b xxu||||| |||| 00| 0 eng d
020 _a9788178298658
040 _cIIITM-K
082 _a658.049 CON/C
100 _aConklin, David W
_92663
245 _aCases in the environment business:
_bInternational perspectives
_cby David W Conklin
260 _aNew Delhi,
_bSage,
_c2007.
300 _axiv, 605p.
650 _aMACROECONOMICS
_92664
650 _aBUSINESS ECONOMICS
_92665
942 _2ddc
_cBK
999 _c3463
_d3463